| 000 | 00516nam a2200169Ia 4500 | ||
|---|---|---|---|
| 008 | 140321s9999 xx 000 0 und d | ||
| 020 | _a9780124160446 | ||
| 050 |
_aQA 76.9.D338 _b.D63 2012 |
||
| 100 | _aDoan, AnHai | ||
| 245 |
_aPrinciples of data integration / _cAnHai Doan, Alon Halevy and Zachary Ives. |
||
| 260 |
_aMassachusetts : _bMorgan Kaufmann, _cc2012. |
||
| 300 |
_a497 p. : _bill. ; _c25 cm. |
||
| 521 | _aIT | ||
| 650 | _aData integration (Computer science). | ||
| 942 |
_kFOR _cBK |
||
| 999 |
_c48688 _d48688 |
||